Rzeczy nazwane na cześć ludzi #3 - Nauka - Statystyki

Ogólne statystyki
  • Ten quiz został rozwiązany 900 razy
  • Średni wynik to 7 z 21
Statystyki odpowiedzi
Eponim % Poprawnych
{Kometa} Halleya
76%
{Skala} Richtera
74%
{Kot} Schrödingera
68%
{Efekt} Coriolisa
60%
{Licznik} Geigera
53%
{Szalka} Petriego
49%
{Stała} Avogadra
48%
{Pas} Kuipera
35%
{Bozon} Higgsa
31%
{Cykl} Krebsa
30%
{Ognie} świętego Elma
30%
{Wahadło} Foucaulta
28%
{Wstęga} Möbiusa
28%
{Obłok} Oorta
20%
{Palnik} Bunsena
20%
{Test} Rorschacha
15%
{Zasada nieoznaczoności} Heisenberga
15%
{Diagram} Venna
14%
{Kolba} Erlenmeyera
14%
{Wielkie twierdzenie} Fermata
10%
{Metoda} Habera i Boscha
8%
Nie znaleziono quizów pasujących do podanych kryteriów
Rozkład punktacji
Procent ludzi z każdym wynikiem
Percentyl według liczby udzielonych odpowiedzi
Twoja historia wyników
Nie rozwiązałeś tego quizu